000 00646nam a2200241Ia 4500
003 OSt
005 20221005050452.0
006 a|||||r|||| 00| 0
007 ta
008 221004b |||||||| |||| 00| 0 urd d
024 _a8109
037 _cTextual
040 _aCRL
_cCRL
_burd
041 _2urd
_aurd
082 _aO168,3N35x, N92
100 _aWajida Tabassum
_9580242
245 0 _aWajida Tabassum ke behtarin afsane
260 _aLahore
_bChodhari Academi
_c1992
300 _a350p.
_ccm.
650 _aURDU LITERATURE
942 _hO168,3N35x, N92
_cTEXL
_2cc
999 _c957116
_d957116